Catálogo
 En Linea

Fernando Higueras / (Registro nro. 11125)

Detalles MARC
000 -CABECERA
campo de control de longitud fija 00814nam a2200217 a 4500
001 - NÚMERO DE CONTROL
campo de control 000011422
005 - FECHA Y HORA DE LA ÚLTIMA TRANSACCIÓN
campo de control 20200929162440.0
008 - DATOS DE LONGITUD FIJA--INFORMACIÓN GENERAL
campo de control de longitud fija 091016s1972 sp 000 0 spa d
040 ## - FUENTE DE LA CATALOGACIÓN
Centro catalogador/agencia de origen DO-SdBNP
Lengua de catalogación spa
Centro/agencia transcriptor BNPHU
Centro/agencia modificador Catalogación noche
082 ## - NÚMERO DE LA CLASIFICACIÓN DECIMAL DEWEY
Número de clasificación 927.3092
Número de documento/Ítem H638c
049 ## - FONDOS LOCALES (OCLC)
Fondos de biblioteca BNGR
100 1# - ENTRADA PRINCIPAL--NOMBRE DE PERSONA
Nombre de persona Castro Arines, José de.
9 (RLIN) 27086
245 10 - MENCIÓN DE TÍTULO
Título Fernando Higueras /
Mención de responsabilidad, etc. José de Castro Arines.
260 ## - PUBLICACIÓN, DISTRIBUCIÓN, ETC.
Lugar de publicación, distribución, etc. Madrid :
Nombre del editor, distribuidor, etc. Dirección General de Bellas Artes,
Fecha de publicación, distribución, etc. 1972.
300 ## - DESCRIPCIÓN FÍSICA
Extensión 98 p. :
Otras características físicas il. : ;
Dimensiones 17 cm.
490 1# - MENCIÓN DE SERIE
Mención de serie Artistas Españoles Contemporáneos
-- Arquitectos
Designación de volumen o secuencia 28
504 ## - NOTA DE BIBLIOGRAFÍA, ETC.
Nota de bibliografía, etc. Incluye referencias bibliográficas e índice.
600 14 - PUNTO DE ACCESO ADICIONAL DE MATERIA--NOMBRE DE PERSONA
Nombre de persona HIGUERAS, FERNANDO,
Fechas asociadas al nombre 1930-2008
Subdivisión general BIOGRAFÍAS
9 (RLIN) 27087
650 #4 - PUNTO DE ACCESO ADICIONAL DE MATERIA--TÉRMINO DE MATERIA
Término de materia o nombre geográfico como elemento de entrada Arquitectura española
9 (RLIN) 27088
830 #0 - PUNTO DE ACCESO ADICIONAL DE SERIE-TÍTULO UNIFORME
Título uniforme Artistas Españoles Contemporáneos :
Nombre de parte o sección de la obra Arquitectos ;
Designación de volumen o secuencia 28
9 (RLIN) 27089
Existencias
Estado de retiro Estado de pérdida Restricciones de uso No para préstamo Código de colección Localización permanente Ubicación/localización actual Ubicación en estantería Fecha de adquisición Número de inventario Total de préstamos Signatura topográfica completa Código de barras Fecha visto por última vez Precio válido a partir de Tipo de ítem Koha
    Préstamo interno   Monografías: Libros y Folletos General General En catalogación 16.10.2009 LF1   927.3092 H638c 11422-10 25.06.2020 25.06.2020 Préstamo interno

Con tecnología Koha